| Tag |
First Indicator |
Second Indicator |
Subfields |
| LEADER |
00000cam a2200000Ki 4500 |
| 001 |
in00003552017 |
| 006 |
m o d |
| 007 |
cr cnu---unuuu |
| 008 |
140711s2004 enka o 001 0 eng d |
| 005 |
20260423142511.1 |
| 040 |
|
|
|a GW5XE
|b eng
|e rda
|e pn
|c GW5XE
|
| 020 |
|
|
|a 9781430206958 (electronic bk.)
|
| 020 |
|
|
|a 1430206950 (electronic bk.)
|
| 020 |
|
|
|z 1590593553
|
| 020 |
|
|
|z 9781590593554
|
| 024 |
7 |
|
|a 10.1007/978-1-4302-0695-8
|2 doi
|
| 035 |
|
|
|a (OCoLC)883383561
|
| 050 |
|
4 |
|a TK5105.8885.A63
|b H37 2004eb
|
| 082 |
0 |
4 |
|a 005.7/1376
|2 22
|
| 049 |
|
|
|a TXAM
|
| 100 |
1 |
|
|a Harkness, Darren James.
|
| 245 |
1 |
0 |
|a Apache essentials :
|b install, configure, maintain /
|c Darren James Harkness.
|
| 250 |
|
|
|a First edition.
|
| 264 |
|
1 |
|a [Birmingham, UK] :
|b Friendsof ED,
|c [2004]
|
| 264 |
|
4 |
|c ©2004
|
| 300 |
|
|
|a 1 online resource (xv, 167 pages) :
|b illustrations.
|
| 336 |
|
|
|a text
|b txt
|2 rdacontent
|
| 337 |
|
|
|a computer
|b c
|2 rdamedia
|
| 338 |
|
|
|a online resource
|b cr
|2 rdacarrier
|
| 500 |
|
|
|a "Covers Mac OS X, Windows, and Linux"--Cover.
|
| 500 |
|
|
|a Includes index.
|
| 505 |
0 |
|
|a Introduction to Apache -- Installing Apache -- Basic directives -- Virtual hosts -- Modules -- Scripting languages & server side includes -- Secure Web (secure sockets layer) -- Log files -- Sample Apache configurations.
|
| 520 |
|
|
|a Apache is the most widely used web server on the Internet today, and that comes as no surpriseits open source and therefore free of charge, not to mention gloriously extensible. And its much more secure than other web servers. So youve picked this book up and youre wondering what exactly makes it different from all those other Apache books? There are hundreds of books about Apache; books that promise to unleash its power, provide a complete reference for it, or delve into the most miniscule corners of its functionality. The problem is that none of them talks to the average web designer or developer. Most books on Apache are written by propellerheads for propellerheads. None of them explain how to configure Apache using plain language, giving examples that matter to youbut Apache Essentials does! In Apache Essentials, Ill show you how to install, configure, and maintain Apache. The key features that youll use on a daily basis will be emphasized. Youll learn how to host secure (SSL) sites, optimize key Apache modules, use Apache with Perl and PHP, work with Server Side Includes (SSI), and take advantage of the information contained in log files. By the time youre done reading this book, youll be an Apache superstar!
|
| 588 |
|
|
|a Description based on print version record.
|
| 630 |
0 |
0 |
|a Apache (Computer file : Apache Group)
|
| 630 |
0 |
6 |
|a Apache (Fichier informatique : Groupe Apache)
|
| 630 |
0 |
7 |
|a Apache (Computer file : Apache Group)
|2 fast
|0 (OCoLC)fst01387458
|
| 650 |
|
0 |
|a Web servers
|x Computer programs.
|
| 650 |
|
0 |
|a Computer networks
|x Security measures.
|
| 650 |
|
6 |
|a Serveurs Web
|x Logiciels.
|
| 650 |
|
6 |
|a Réseaux d'ordinateurs
|x Sécurité
|x Mesures.
|
| 650 |
|
7 |
|a Computer networks
|x Security measures.
|2 fast
|0 (OCoLC)fst00872341
|
| 650 |
|
7 |
|a Web servers
|x Computer programs.
|2 fast
|0 (OCoLC)fst01173237
|
| 655 |
|
7 |
|a Electronic books.
|2 local
|
| 710 |
2 |
|
|a SpringerLink (Online service)
|
| 776 |
1 |
8 |
|i Print version:
|a Harkness, Darren James.
|t Apache essentials.
|b First edition
|z 1590593553
|w (OCoLC)55694856
|
| 856 |
4 |
0 |
|u http://proxy.library.tamu.edu/login?url=https://link.springer.com/10.1007/978-1-4302-0695-8
|z Connect to the full text of this electronic book
|t 0
|
| 994 |
|
|
|a 92
|b TXA
|
| 999 |
f |
f |
|s 2c738c4c-d6bd-38b6-b541-200c8d8e5e51
|i fecb2828-85da-3125-aeff-465ba2981aa0
|t 0
|
| 952 |
f |
f |
|a Texas A&M University
|b College Station
|c Electronic Resources
|s www_evans
|d Available Online
|t 0
|e TK5105.8885.A63 H37 2004eb
|h Library of Congress classification
|
| 998 |
f |
f |
|a TK5105.8885.A63 H37 2004eb
|t 0
|l Available Online
|